| 000 | 00575cam a2200217 a 4500 | ||
|---|---|---|---|
| 001 | 953368 | ||
| 005 | 20180116044646.0 | ||
| 008 | 840601s1984 nyua b 001 0 eng | ||
| 010 | _a 84045205 | ||
| 020 | _a0814457894 | ||
| 040 |
_aDLC _cDLC _dDLC |
||
| 041 | _aeng | ||
| 080 | _a658.4012 | ||
| 082 | 0 | 0 |
_a658.4012 KAS _219 |
| 100 | 1 | _a54 | |
| 101 | _aLID | ||
| 245 | 1 | 0 |
_aMaintaining momentum in long-range planning / _cMerritt L. Kastens. |
| 504 | _aIncludes bibliographies and index. | ||
| 906 |
_a7 _bcbc _corignew _d1 _eocip _f19 _gy-gencatlg |
||
| 942 |
_2ddc _cBK |
||
| 999 |
_c40357 _d40357 |
||